Góp phần tìm hiểu tư tưởng Hồ Chí Minh về văn hóa
Gồm những bài viết của lãnh đạo Đảng và Nhà nước, các nhà khoa học về tư tưởng Hồ Chí Minh đến với văn hoá thông qua các chủ đề văn hoá và phát triển, văn hoá và tự do, văn hoá và cách mạng, văn hoá và nghệ thuật....
Tallennettuna:
| Aineistotyyppi: | Kirja |
|---|---|
| Kieli: | Undetermined |
| Julkaistu: |
Hà Nội
Chính trị Quốc gia
2004
|
| Aiheet: | |
| Tagit: |
Lisää tagi
Ei tageja, Lisää ensimmäinen tagi!
|
| Thư viện lưu trữ: | Trung tâm Học liệu Trường Đại học Cần Thơ |
|---|
| LEADER | 00981nam a2200193Ia 4500 | ||
|---|---|---|---|
| 001 | CTU_114064 | ||
| 008 | 210402s9999 xx 000 0 und d | ||
| 020 | |c 16000 | ||
| 082 | |a 306 | ||
| 082 | |b G434 | ||
| 245 | 0 | |a Góp phần tìm hiểu tư tưởng Hồ Chí Minh về văn hóa | |
| 260 | |a Hà Nội | ||
| 260 | |b Chính trị Quốc gia | ||
| 260 | |c 2004 | ||
| 520 | |a Gồm những bài viết của lãnh đạo Đảng và Nhà nước, các nhà khoa học về tư tưởng Hồ Chí Minh đến với văn hoá thông qua các chủ đề văn hoá và phát triển, văn hoá và tự do, văn hoá và cách mạng, văn hoá và nghệ thuật. | ||
| 650 | |a Communism and culture,Ho chi minh | ||
| 650 | |x Biography | ||
| 904 | |i Giang (sửa số pl 324.2075092/G434 thành 306/G434).Qhieu đã sửa trong kho | ||
| 980 | |a Trung tâm Học liệu Trường Đại học Cần Thơ | ||